00465 2200181 4500001002100000005001500021008004100036020001800077035001900095041000700114082000800121090001400129100001900143245003200162260003800194300002000232650003100252INLIS00000000001794020241224115416241224||||||||| | ||| |||| || |  a979-741-395-0 0010-1224017940 aid0 a740 a740 AMA a0 aAmanda Guliver00aAyo Berkreasi dengan Kertas aJakartabErlanggga For Kidsc2007 a31hlm;21cmx28cm 0aMenggambar & Seni dekorasi